Plays pleasant

Salvato in:
Dettagli Bibliografici
Autore principale: Shaw, George Bernard (Autore)
Natura: Libro
Lingua:inglese
Pubblicazione: Nueva York Penguin Books 1946
Serie:Penguin Plays
Soggetti:
Tags: Aggiungi Tag
Nessun Tag, puoi essere il primo ad aggiungerne!!

MARC

LEADER 00000nam a2200000 a 4500
001 UCT5727
003 CL-VaPUC
008 961216e19460000US |||||||||||||||||eng|d
082 0 4 |a 822  |b SHA  |2 21 
100 0 |a Shaw, George Bernard  |e author  |9 322529 
245 1 0 |a Plays pleasant 
246 1 0 |a Arms and the man 
246 1 0 |a Candida 
246 1 4 |a The man of destiny 
246 1 0 |a You never can tell 
300 |a 315 p 
942 |c BK 
945 |d 19961216 00:00:00  |a rleighto 
260 |a Nueva York  |b Penguin Books  |c 1946 
650 0 |a Dramas ingleses  |9 269396 
583 |a last modification  |c 19961216 00:00:00  |k Rodrigo Vera 
490 0 |a Penguin Plays 
999 |c 254598  |d 254596 
952 |0 0  |1 0  |4 0  |6 822_000000000000000_SHA_1946  |7 0  |8 A  |9 276385  |a BIBEDU  |b BIBEDU  |d 2019-11-19  |i 3261158  |o 822 SHA 1946  |p 3261158  |r 2019-11-19  |w 2019-11-19  |y BK  |k LIT 
952 |0 0  |1 0  |4 0  |6 822_000000000000000_SHA_1946  |7 0  |8 A  |9 276386  |a BIBEDU  |b BIBEDU  |d 2019-11-19  |i 3261166  |o 822 SHA 1946  |p 3261166  |r 2019-11-19  |w 2019-11-19  |y BK  |k LIT 
952 |0 0  |1 0  |4 0  |6 822_000000000000000_SHA_1946  |7 0  |8 A  |9 276387  |a BIBEDU  |b BIBEDU  |d 2019-11-19  |i 1425129  |o 822 SHA 1946  |p 1425129  |r 2019-11-19  |w 2019-11-19  |y BK  |k LIT 
952 |0 0  |1 0  |4 0  |6 822_000000000000000_SHA_1946  |7 0  |8 A  |9 276388  |a BIBEDU  |b BIBEDU  |d 2019-11-19  |i 1425048  |o 822 SHA 1946  |p 1425048  |r 2019-11-19  |w 2019-11-19  |y BK  |k LIT